00892 2200313 4500001002100000005001500021035002000036007000300056040001700059100003300076245008400109250001000193300003800203504002600241020001800267041000800285082001000293084001600303090002500319264003800344336002100382337003000403338002300433650002700456850001000483008004100493990002200534990002200556INLIS00000000000942420260420024412 a0010-1222000029ta aSBPUPADbind0 aSeri Agriwawasan:ePengarang1 aBudi Daya Walet Pengalaman Langsung Para Pakar Dan Praktisi /cSeri Agriwawasan aCet.4 aviii 136 hlm. :bilus. ;c20,5 cm abibiliografi, hlm 134 a979-489-592-X0 aind a636.6 a636.6 SER b a636.6 SER b L 19 R 9 aJakarta :bPenebar Swadaya,c2004 2rdacontentateks 2rdamediaatanpa perantara 2rdacarrieravolume 4aTeknologi Keterampilan aPUPAD260420 0  a1971/H/ARPUS/2007 a1970/H/ARPUS/2007